ARRUPE JESUIT UNIVERSITY

CORONAVIRUS -STOP THE SPREAD - CLEAN,DISINFECT,COVER
Normal view MARC view

Entry Topical Term

Number of records used in: 1

001 - CONTROL NUMBER

  • control field: 15740

003 - CONTROL NUMBER IDENTIFIER

  • control field: ARRUPE

005 - DATE AND TIME OF LATEST TRANSACTION

  • control field: 20150304114401.0

008 - FIXED-LENGTH DATA ELEMENTS

  • fixed length control field: 150304|| aca||aabn | a|a d

040 ## - CATALOGING SOURCE

  • Original cataloging agency: ARRUPE
  • Transcribing agency: ARRUPE

150 ## - HEADING--TOPICAL TERM

  • Topical term or geographic name as entry element: Lincoln-Douglas Debates, Ill., 1858.

670 ## - SOURCE DATA FOUND

  • Source citation: Work cat.: (ARRUPE)0: Lincoln, Abraham, 1809-1865. 4220, Speeches and writings 1832-1858 :, 1989.

 

Arrupe Library. PO Box MP320 Mt Pleasant, Harare, Zimbabwe
263 242 745411|librarian@aju.ac.zw